| 000 | 00371nam a2200145Ia 4500 | ||
|---|---|---|---|
| 008 | 231019s9999 xx 000 0 und d | ||
| 020 | _a978-9-6993-3044-5 | ||
| 082 |
_a658 _bTut-C |
||
| 100 | _aTutors-Emile Woolf | ||
| 245 | 0 | _aCost & Management Accounting | |
| 260 |
_aLondon _bEmile Woolf International _c2013 |
||
| 300 | _a514 | ||
| 650 | _aAccounting | ||
| 999 |
_c34472 _d34472 |
||